An empirical study of maintenance costs for hotels in Hong Kong (Record no. 80039)

MARC details
000 -LEADER
fixed length control field 01042cab a22001815a 4500
001 - CONTROL NUMBER
control field L143046
008 - FIXED-LENGTH DATA ELEMENTS--GENERAL INFORMATION
fixed length control field 080215s2008 xxkad f s 000 0 eng d
035 ## - SYSTEM CONTROL NUMBER
System control number (Sirsi) u143046
041 0# - LANGUAGE CODE
Language code of text/sound track or separate title eng
100 1# - MAIN ENTRY--PERSONAL NAME
Personal name Chan, Kenny
245 03 - TITLE STATEMENT
Title An empirical study of maintenance costs for hotels in Hong Kong
260 ## - PUBLICATION, DISTRIBUTION, ETC.
Date of publication, distribution, etc. 2008
490 #0 - SERIES STATEMENT
Series statement Journal of Retail and Leisure Property
Volume/sequential designation 7(1), 2008, 35-52(18)
520 ## - SUMMARY, ETC.
Summary, etc. Explores the inter-relationships between maintenance costs, maintenance strategy, resource allocation, outsourcing, benchmarks and the maintenance cost index for hotels in Hong Kong. Also considers maintenance cost distribution, obstacles to multi-skilling and maintenance practices. Presents survey results from a questionnaire completed by 41 hotel facilities managers. Concludes the success of a hotel relies mainly on satisfying customer needs through quality services and cost control.
651 #4 - SUBJECT ADDED ENTRY--GEOGRAPHIC NAME
Geographic name Hong Kong
690 ## - LOCAL SUBJECT ADDED ENTRY--TOPICAL TERM (OCLC, RLIN)
Topical term or geographic name as entry element PROPERTY-COMMERCIAL PROPERTY-LEISURE PROPERTY-HOLIDAY AND GUEST PROPERTY-HOTEL PROPERTY
942 ## - ADDED ENTRY ELEMENTS (KOHA)
Suppress in OPAC 0
Holdings
Withdrawn status Lost status Source of classification or shelving scheme Damaged status Not for loan Home library Current library Shelving location Date acquired Total Checkouts Full call number Barcode Date last seen Copy number Price effective from Koha item type
    Dewey Decimal Classification     London London Journal article 03/04/2008   L143046 143046-1001 06/08/2019 1 06/08/2019 Journal article